| 000 | 00936cam a22002773a 4500 | ||
|---|---|---|---|
| 001 | 31669 | ||
| 003 | PGUSA | ||
| 005 | 20140828083702.0 | ||
| 008 | 100316s2010||||xxu|||||s|||||000 p eng d | ||
| 040 |
_aPGUSA _beng |
||
| 042 | _adc | ||
| 050 | 4 | _aPA | |
| 100 | 1 |
_aHomer, _d-750--650 |
|
| 245 | 1 | 0 |
_aΙλιάδος Ραψωδία Α : _bΜεταφρασθείσα εις δημοτικούς στίχους _h[electronic resource] / _cHomer |
| 260 |
_bProject Gutenberg, _c2010 |
||
| 506 | _aPublic domain in the USA. | ||
| 516 | _aElectronic text | ||
| 653 | _aTrojan War -- Poetry | ||
| 653 | _aAchilles (Greek mythology) -- Poetry | ||
| 653 | _aEpic poetry, Greek -- Translations into Modern Greek | ||
| 700 | 1 |
_aChristopoulos, Athanasios, _d1771-1847 |
|
| 740 | 0 | _aIliad Rhapsody A: Translated in dimotiki in verse | |
| 830 | 0 |
_aProject Gutenberg _v31669 |
|
| 856 | 4 | 0 | _uhttp://www.gutenberg.org/ebooks/31669 |
| 942 | _cEB | ||
| 999 |
_c260924 _d260924 |
||